MARC details
| 000 -CABECERA |
| campo de control de longitud fija |
03918cam a2200301 i 4500 |
| 001 - NÚMERO DE CONTROL |
| campo de control |
17127449 |
| 005 - FECHA Y HORA DE LA ÚLTIMA TRANSACCIÓN |
| campo de control |
20251013123315.0 |
| 008 - DATOS DE LONGITUD FIJA--INFORMACIÓN GENERAL |
| campo de control de longitud fija |
231117t20242024fr 000 1 fre d |
| 020 ## - NÚMERO INTERNACIONAL ESTÁNDAR DEL LIBRO |
| Número Internacional Estándar del Libro |
9782364687516 |
| 035 ## - NÚMERO DE CONTROL DEL SISTEMA |
| Número de control de sistema |
(Fr-PaAMA)AAL08329670-0001 |
| 035 ## - NÚMERO DE CONTROL DEL SISTEMA |
| Número de control de sistema |
17127449 |
| 040 ## - FUENTE DE LA CATALOGACIÓN |
| Centro/agencia transcriptor |
tbs |
| 041 ## - CÓDIGO DE LENGUA |
| Código de lengua del texto/banda sonora o título independiente |
fre |
| 050 #4 - SIGNATURA TOPOGRÁFICA DE LA BIBLIOTECA DEL CONGRESO |
| Número de clasificación |
PQ2708.A343 |
| Número de documento/Ítem |
A78 2024 |
| 100 ## - ENTRADA PRINCIPAL--NOMBRE DE PERSONA |
| Nombre de persona |
Hadjimarkos-Clarke, Phoebe |
| Fechas asociadas al nombre |
1987- |
| Término indicativo de función/relación |
author |
| 9 (RLIN) |
26112 |
| 245 10 - MENCIÓN DE TÍTULO |
| Título |
Aliène |
| Resto del título |
: roman |
| Mención de responsabilidad, etc. |
/ Phœbe Hadjimarkos Clarke. |
| 260 ## - PUBLICACIÓN, DISTRIBUCIÓN, ETC. |
| Lugar de publicación, distribución, etc. |
Paris : |
| Nombre del editor, distribuidor, etc. |
Éditions du Sous-sol, |
| Fecha de publicación, distribución, etc. |
2024. |
| 300 ## - DESCRIPCIÓN FÍSICA |
| Extensión |
281 pages ; |
| Dimensiones |
21 cm. |
| 520 ## - SUMARIO, ETC. |
| Sumario, etc. |
Fauvel a perdu un œil suite à un tir de LBD. Elle accepte de garder la chienne du père d'une de ses amies dans une maison isolée à la campagne. Hannah n'est pas un chien comme les autres, c'est le clone d'une première Hannah, qui trône empaillée au milieu du salon. Elle suscite les peurs et les reproches muets du village, à mesure qu'on découvre au matin des animaux massacrés, et qu'elle-même rentre parfois ensanglantée. <br/><br/>Cette situation est le point de départ d'un récit de traque et de cauchemar délicatement progressif, la plupart du temps fantomatique. Jamais l'assaillant n'est clairement nommé, jamais la cible n'est clairement identifiée. Fauvel sait être une proie, mais de qui ? Dans le village, un groupe de chasseurs, tous ouvriers ou anciens ouvriers de l'usine d'eau minérale, peu loquaces et mal lotis par la vie, font naître les fantasmes, tantôt sexuels, tantôt horrifiques. Et plus particulièrement chez Fauvel, coupée du monde par sa conscience éparpillée, et chez Mitch, un jeune sociologue qui enquête sur les récits d'enlèvements par les extraterrestres, nombreux dans la région, surtout chez les anciens ouvriers de l'usine.<br/><br/>Au fil d'une pseudo-enquête hallucinée, le roman explore les notions de domination, d'animalité et de violence. À travers la proximité, voire l'amalgame entre animaux et humains, Aliène questionne la nature de ce qui est caché, la vie animale, et surtout l'instinct de peur. Tel est le véritable fil du récit, rarement traité avec autant de nuance et de force. |
| 520 ## - SUMARIO, ETC. |
| Sumario, etc. |
Fauvel lost an eye after being hit by a rubber bullet. She agrees to look after the dog belonging to one of her friend’s fathers in a secluded house in the countryside. But Hannah isn’t like other dogs—she’s a clone of the first Hannah, who now stands stuffed in the middle of the living room. The villagers’ silent fears and suspicions grow as more and more animals are found slaughtered at dawn, and as Hannah herself sometimes returns covered in blood.<br/><br/>This situation marks the beginning of a haunting and progressively nightmarish tale, often ghostly in tone. The attacker is never clearly named, nor is the target ever clearly identified. Fauvel knows she’s being hunted—but by whom? In the village, a group of hunters—all workers or former workers from the mineral water factory, taciturn and battered by life—become the source of fantasies, sometimes sexual, sometimes horrific. Especially for Fauvel, cut off from the world by her scattered mind, and for Mitch, a young sociologist studying stories of alien abductions—common in the area, particularly among the factory’s former workers.<br/><br/>Through this hallucinatory pseudo-investigation, the novel delves into ideas of domination, animality, and violence. By blurring the line between animals and humans, Aliène questions the hidden forces of life—the animal within—and above all, the instinct of fear. This, ultimately, is the true thread of the story, explored here with rare subtlety and power. |
| 650 #0 - PUNTO DE ACCESO ADICIONAL DE MATERIA--TÉRMINO DE MATERIA |
| Término de materia o nombre geográfico como elemento de entrada |
Eye |
| Subdivisión general |
Wounds and injuries |
| Subdivisión de forma |
Fiction |
| 9 (RLIN) |
26113 |
| 650 #0 - PUNTO DE ACCESO ADICIONAL DE MATERIA--TÉRMINO DE MATERIA |
| Término de materia o nombre geográfico como elemento de entrada |
Hunters |
| Subdivisión de forma |
Fiction |
| 9 (RLIN) |
26114 |
| 650 #0 - PUNTO DE ACCESO ADICIONAL DE MATERIA--TÉRMINO DE MATERIA |
| Término de materia o nombre geográfico como elemento de entrada |
Dogs |
| Subdivisión general |
Cloning |
| Subdivisión de forma |
Fiction |
| 9 (RLIN) |
26115 |
| 650 #0 - PUNTO DE ACCESO ADICIONAL DE MATERIA--TÉRMINO DE MATERIA |
| Término de materia o nombre geográfico como elemento de entrada |
Violence |
| Subdivisión general |
Fiction |
| 9 (RLIN) |
22173 |
| 655 #0 - TÉRMINO DE INDIZACIÓN--GÉNERO/FORMA |
| Datos o término principal de género/forma |
Hunting fiction |
| 9 (RLIN) |
26116 |
| 655 #0 - TÉRMINO DE INDIZACIÓN--GÉNERO/FORMA |
| Datos o término principal de género/forma |
Psychological fiction |
| 9 (RLIN) |
22456 |
| 942 ## - ELEMENTOS DE ENTRADA AGREGADA (KOHA) |
| Fuente del sistema de clasificación o colocación |
Clasificación de Library of Congress |